Sự lừa dối kinh khủng 25 tôi làm việc ở CIA

Guardat en:
Dades bibliogràfiques
Autor principal: Mắcghi,Rap
Altres autors: Trần Đăng Minh Hiếu (Dịch)
Format: Llibre
Publicat: H. Đà Nẵng 1987
Matèries:
Etiquetes: Afegir etiqueta
Sense etiquetes, Sigues el primer a etiquetar aquest registre!
Thư viện lưu trữ: Trung tâm Học liệu Lê Vũ Hùng, Trường Đại học Đồng Tháp
LEADER 00827pam a22002418a 4500
001 00021509
005 20171026081023.0
008 110525s1987 ||||||Viesd
041 0 # |a Vie 
082 1 4 |a 891.78  |b S550L 
100 0 # |a Mắcghi,Rap 
245 0 0 |b 25 tôi làm việc ở CIA  |c Rap Mắcghi; Trần Đăng Minh Hiếu  |a Sự lừa dối kinh khủng 
260 # # |a H.  |b Đà Nẵng  |c 1987 
300 # # |a 399 tr.  |c 10 cm. 
650 # 4 |a Liên Xô 
650 # 4 |a Văn học hiện đại 
653 # # |a Nhật ký 
700 0 # |a Trần Đăng Minh Hiếu  |e Dịch 
852 # # |b Kho mượn  |j KM.0010773 
852 # # |b Kho đọc  |j KD.0006865 
852 # # |j KM.0010773  |j KD.0006865 
910 |d 25/05/2011 
980 # # |a Trung tâm Học liệu Lê Vũ Hùng, Trường Đại học Đồng Tháp